000
00307 a2200109 4500
001
ART_7573
005
20260410161720.0
008
260409a
245
1
0
_a
Auditoría
100
1
_a
Canetti, Miguel Marcelo
773
0
_t
Contabilidad y auditoría
_g
- Año 14, Nº 27 (jun. 2008)
_w
REV1723
999
_c
16905
_d
16905